| 000 | 00435nam a2200181Ia 4500 | ||
|---|---|---|---|
| 001 | 3826 | ||
| 003 | IN-NITTTR | ||
| 005 | 20251114232951.0 | ||
| 008 | 251113s9999||||xx |||||||||||||| ||eng|| | ||
| 040 | _beng | ||
| 040 | _cIN-NITTTR | ||
| 041 | _aeng | ||
| 082 | _a612.6 T158G | ||
| 100 | _aTanner, James M. | ||
| 245 | 0 |
_aGrowth. / _cTanner, James M., Taylor, Gordon Rattray |
|
| 700 | _a Taylor, Gordon Rattray | ||
| 942 |
_2ddc _cBK |
||
| 999 |
_c6156 _d6156 |
||